Textbook of Nursing Foundation (Record no. 1775)
[ view plain ]
| 000 -LEADER | |
|---|---|
| Fixed length control field | 00520nam a2200193 4500 |
| 003 - CONTROL NUMBER IDENTIFIER | |
| Control field | IIN |
| 005 - DATE AND TIME OF LATEST TRANSACTION | |
| Control field | 20250429131447.0 |
| 008 - FIXED-LENGTH DATA ELEMENTS--GENERAL INFORMATION | |
| Fixed length control field | 250429s |||ad||| |||| 001 0 eng d |
| 020 ## - INTERNATIONAL STANDARD BOOK NUMBER / ISBN | |
| International Standard Book Number | 9789392242076 |
| Price | Rs.995.00 |
| 040 ## - CATALOGING SOURCE | |
| Original cataloging agency | IIN |
| 082 ## - DEWEY DECIMAL CLASSIFICATION NUMBER | |
| Classification number | 610.73 |
| Book Number | KAT |
| 100 ## - MAIN ENTRY--PERSONAL NAME | |
| Personal name | Jyoti Kathwal |
| 245 ## - TITLE STATEMENT | |
| Title | Textbook of Nursing Foundation |
| Sub title | for GNM Nursing Students/ |
| Statement of responsibility | Jyoti Kathwal |
| 260 ## - IMPRINT | |
| Place of publication | Punjab |
| Name of publisher | VHS |
| Date of publication | 2022 |
| 300 ## - PHYSICAL DESCRIPTION | |
| Page / Vol. No | xvi, 496 p. |
| Other physical details | col. ill. |
| 500 ## - GENERAL NOTE | |
| General note | Includes Index |
| 650 ## - SUBJECT ADDED ENTRY--TOPICAL TERM | |
| Topical term | Nursing |
| Form subdivision | Foundation |
| 942 ## - ADDED ENTRY ELEMENTS (KOHA) | |
| Koha item type | Books |
| Withdrawn status | Lost status | Source of classification | Damaged status | Not for loan | Collection code | Home library | Current library | Shelving location | Date acquired | Price | Total Checkouts | Call number | Accession number | Date last seen | Date checked out | Price effective from | Koha item type |
|---|---|---|---|---|---|---|---|---|---|---|---|---|---|---|---|---|---|
| Dewey Decimal Classification | Purches Book | IDEAL INSTITUTE OF NURSING | IDEAL INSTITUTE OF NURSING | General Stacks | 11/03/2025 | 995.00 | 1 | 610.73 KAT | 1940 | 18/12/2025 | 10/12/2025 | 29/04/2025 | Books |
